| 000 | 00349nam a22000977a 4500 | ||
|---|---|---|---|
| 008 | 150625b xxu||||| |||| 00| 0 eng d | ||
| 010 | _8SCCRAF:20B | ||
| 245 | _aSUPREME COURT CRIMINAL APPEAL NO.05 OF 2011 Capt. Munyangondo Chris Vs Uganda | ||
| 260 | _aSupreme Court Kampala | ||
| 500 | _3CORAM: Tumwesigye, Kisaakye, Arach-Amoko, Tsekooko and Okello, JJSC | ||
| 999 |
_c6738 _d6738 |
||